000 00323nam a2200157Ia 4500
100 _aMulk Raj Anand
650 _aFiction
942 _cBK
366 _f25
245 _aGreat short stories
260 _bJaico Publishing House
_c2014
082 _bMUL
300 _a245
546 _aENGLISH
_cComputers
999 _c20258
_d20258